[Event "Let's Play Chess!"]
[Site "http://www.queenalice.com/game.php?id=672293"]
[Date "2009.10.25"]
[Round "-"]
[White "bongo12"]
[Black "cybrooksy"]
[Result "1-0"]
[WhiteElo "1242"]
[BlackElo "1811"]

1. e4 e5 2. Nf3 Nc6 3. Bb5 Nge7 4. O-O a6 5. Bc4 b5 6. Bb3 d5 7. exd5 Nxd5 8.
Re1 Bd6 9. Bxd5 Bb7 10. d4 O-O 11. dxe5 Bc5 12. Nc3 Bb4 13. Bg5 Rb8 14. Bxd8
Rbxd8 15. e6 fxe6 16. Bxe6+ Kh8 17. Qe2 Rde8 18. Qf1 Bd6 19. Bd5 Rb8 20. Ne4 Nb4
21. Bxb7 Nxc2 22. Nxd6 cxd6 23. Bxa6 Nxa1 24. Rxa1 b4 25. Qd3 h6 26. Qxd6 Rfd8
27. Qg6 Rd7 28. Bd3 Kg8 29. Qe6+ Kf8 30. Qxd7 Kg8 31. Re1 b3 32. Re8+ Rxe8 33.
Qxe8# 1-0

[Event "Let's Play Chess!"]
[Site "http://www.queenalice.com/game.php?id=672756"]
[Date "2009.10.27"]
[Round "-"]
[White "ArmandoAzevedo"]
[Black "cybrooksy"]
[Result "1-0"]
[WhiteElo "2375"]
[BlackElo "1813"]

1. d4 d5 2. Nf3 Nf6 3. c4 c6 4. cxd5 cxd5 5. Qb3 e6 6. Bf4 Bd6 7. Bxd6 Qxd6 8.
Nc3 O-O 9. e3 b6 10. Rc1 Ba6 11. Bxa6 Nxa6 12. Qa4 Nb4 13. Ne5 Rfc8 14. a3 Na2
15. Nxa2 Rxc1+ 16. Nxc1 a5 17. Ncd3 Qc7 18. Ke2 Rc8 19. Rc1 Qb7 20. Rxc8+ Qxc8
21. Qc6 Qxc6 22. Nxc6 Ng4 23. h3 Nf6 24. Nde5 g6 25. Nd8 b5 26. Nexf7 Kf8 27.
Ne5 Ke7 28. Ndc6+ Kd6 29. Nxa5 Ne8 30. Kf3 Ng7 31. Nb7+ Kc7 32. Nc5 Nf5 33.
Nxe6+ Kd6 34. Nf8 Ne7 35. Nxh7 Ke6 36. g4 Kd6 37. Nf8 g5 38. Nf7+ 1-0

[Event "Let's Play Chess!"]
[Site "http://www.queenalice.com/game.php?id=672797"]
[Date "2009.10.26"]
[Round "-"]
[White "microcephalec"]
[Black "cybrooksy"]
[Result "0-1"]
[WhiteElo "1704"]
[BlackElo "1814"]

1. e4 e5 2. f4 exf4 3. Nf3 d6 4. Bc4 Nf6 5. d3 Nc6 6. O-O Bg4 7. Bxf4 Be7 8. c3
O-O 9. Qe2 d5 10. exd5 Nxd5 11. Bxd5 Qxd5 12. Nbd2 Bd6 13. Bxd6 Qxd6 14. Rae1
Rfe8 15. Qxe8+ Rxe8 16. Rxe8+ Qf8 17. Rxf8+ Kxf8 18. d4 Be6 19. Ng5 Bxa2 20.
Rxf7+ Bxf7 21. Nxf7 Kxf7 22. Ne4 h6 23. b3 b6 24. c4 Nxd4 0-1

[Event "Let's Play Chess!"]
[Site "http://www.queenalice.com/game.php?id=674230"]
[Date "2009.10.29"]
[Round "-"]
[White "vieri"]
[Black "cybrooksy"]
[Result "0-1"]
[WhiteElo "1457"]
[BlackElo "1813"]

1. e3 e5 2. Nf3 Nc6 3. e4 Nf6 4. Bd3 Bd6 5. O-O O-O 6. c4 Nd4 7. Nxd4 exd4 8. a3
b6 9. Qf3 Bb7 10. b4 Re8 11. Qf5 Bxe4 12. Bxe4 Rxe4 13. d3 Rf4 14. Qh3 Rg4 15.
g3 Rg6 16. Nd2 Rg5 17. Ne4 Re5 18. f4 Re8 19. Ng5 h6 20. Nf3 c5 21. b5 Qe7 22.
f5 a5 23. g4 Qe2 24. Bxh6 Qxd3 25. g5 Qe3+ 26. Kh1 Re5 27. gxf6 Qxh6 28. Qxh6
gxh6 29. Nxe5 Bxe5 30. Rg1+ Kf8 31. Rg2 Bxf6 32. Re1 Re8 33. Rxe8+ Kxe8 34. Rg8+
Ke7 35. Rb8 d3 36. Rxb6 d2 37. Kg2 d1=Q 38. Ra6 Qc2+ 39. Kh3 Qxf5+ 40. Kg2 a4
41. Rxa4 Qc2+ 42. Kh3 Qxa4 43. b6 Qb3+ 44. Kg2 Qxb6 45. h3 Bd4 46. Kf3 Qb3+ 47.
Ke4 Ke6 48. h4 Qe3# 0-1

[Event "Let's Play Chess!"]
[Site "http://www.queenalice.com/game.php?id=675547"]
[Date "2009.10.31"]
[Round "-"]
[White "cybrooksy"]
[Black "ArmandoAzevedo"]
[Result "0-1"]
[WhiteElo "1815"]
[BlackElo "2374"]

1. d4 Nf6 2. Nf3 d5 3. c4 dxc4 4. Nc3 c6 5. e3 b5 6. Be2 Bf5 7. O-O Nbd7 8. d5
b4 9. dxc6 bxc3 10. cxd7+ Qxd7 11. Qxd7+ Nxd7 12. bxc3 Rc8 13. a4 Bd3 14. Re1 e6
15. Bb2 Rb8 16. Bxd3 cxd3 17. Ba3 Bxa3 18. Rxa3 f6 19. c4 Nc5 20. Nd2 Rb2 21.
Rd1 Ke7 22. f3 Rhb8 23. Ne4 Rb1 24. Rxb1 Rxb1+ 25. Kf2 Nxe4+ 26. fxe4 d2 27. Rd3
d1=Q 28. Rxd1 Rxd1 29. Ke2 Ra1 0-1

[Event "Let's Play Chess!"]
[Site "http://www.queenalice.com/game.php?id=680977"]
[Date "2009.11.11"]
[Round "-"]
[White "elche"]
[Black "cybrooksy"]
[Result "1-0"]
[WhiteElo "1895"]
[BlackElo "1826"]

1. e4 e5 2. Nf3 Nc6 3. Bc4 Nf6 4. O-O Be7 5. d4 d6 6. dxe5 dxe5 7. Qxd8+ Bxd8 8.
Ng5 O-O 9. Nc3 Re8 10. Bxf7+ Kf8 11. Bxe8 Kxe8 12. Nf3 Bg4 13. Ne1 Nd4 14. f3
Be6 15. Be3 c5 16. Nd3 Bc4 17. Bxd4 cxd4 18. Nd5 Nxd5 19. exd5 Bxd3 20. cxd3 Rc8
21. Rac1 Rc7 22. Rxc7 Bxc7 23. Re1 Kd7 24. g3 Kd6 25. f4 exf4 26. gxf4 Kxd5 27.
f5 g6 28. f6 Bd6 29. f7 Bf8 30. Re8 1-0

[Event "Let's Play Chess!"]
[Site "http://www.queenalice.com/game.php?id=686123"]
[Date "2009.11.21"]
[Round "-"]
[White "cybrooksy"]
[Black "raymundo"]
[Result "1-0"]
[WhiteElo "1795"]
[BlackElo "1683"]

1. d4 c5 2. d5 d6 3. c4 Nf6 4. Bg5 e6 5. Nc3 Be7 6. Bxf6 Bxf6 7. Ne4 Bxb2 8. Rb1
Be5 9. Nf3 Qa5+ 10. Qd2 Qxd2+ 11. Nexd2 O-O 12. e4 exd5 13. exd5 Bg4 14. Be2 Nd7
15. O-O Nb6 16. h3 Bd7 17. Bd1 Na4 18. Bxa4 Bxa4 19. Rxb7 Bc3 20. Ne4 Be5 21.
Nxe5 dxe5 22. Nxc5 Bc2 23. Re1 Rfc8 24. Rc1 Bf5 25. Nd7 Bxd7 26. Rxd7 h6 27. c5
a5 28. c6 Kh7 29. Rxf7 a4 30. d6 Rf8 31. Rxf8 Rxf8 32. c7 1-0

[Event "Let's Play Chess!"]
[Site "http://www.queenalice.com/game.php?id=693177"]
[Date "2009.12.5"]
[Round "-"]
[White "elche"]
[Black "cybrooksy"]
[Result "0-1"]
[WhiteElo "1731"]
[BlackElo "1781"]

1. e4 e5 2. Nf3 Nc6 3. Bc4 Nf6 4. O-O Bc5 5. c3 O-O 6. d4 Be7 7. dxe5 Nxe4 8.
Bd5 Nc5 9. Bxc6 dxc6 10. Bf4 Qxd1 11. Rxd1 Bg4 12. Nbd2 Rfd8 13. Bg3 Rd7 14. h3
Bxf3 15. Nxf3 Rad8 16. Rxd7 Rxd7 17. Nd4 f6 18. exf6 Bxf6 19. Kf1 Nd3 20. a3 c5
21. Nb3 c4 22. Na5 b6 23. Nxc4 c5 24. Rd1 b5 25. Ne5 Bxe5 26. Bxe5 Nxe5 27. Rxd7
Nxd7 28. Ke2 c4 29. f4 Kf7 30. g4 Kf6 31. h4 h6 32. Ke3 g5 33. hxg5+ hxg5 0-1

[Event "Let's Play Chess!"]
[Site "http://www.queenalice.com/game.php?id=702695"]
[Date "2009.12.24"]
[Round "-"]
[White "charles31"]
[Black "cybrooksy"]
[Result "0-1"]
[WhiteElo "1765"]
[BlackElo "1807"]

1. Nc3 d5 2. d4 Nf6 3. h3 e6 4. a3 Bd6 5. e3 O-O 6. g4 c5 7. f3 c4 8. f4 Nc6 9.
g5 Nd7 10. h4 g6 11. h5 Ne7 12. hxg6 fxg6 13. Nf3 b5 14. Nxb5 Nb6 15. Qe2 Ba6
16. Nc3 Nf5 17. Qh2 Rf7 18. Nh4 Nxh4 19. Qxh4 Qd7 20. b3 Bb7 21. a4 Rc8 22. a5
Na8 23. Rh2 cxb3 24. cxb3 Rxc3 25. Rb2 Qc8 26. Bd2 Rc2 27. Rxc2 Qxc2 28. b4 Qb2
29. Rc1 Bxb4 30. Qf2 Qxc1+ 31. Ke2 Qxd2+ 32. Kf3 Qxf2+ 33. Kxf2 Bxa5 34. Bb5 Rc7
35. Kf3 Bb4 36. Ba4 Nb6 37. Bb5 a5 38. Bd3 a4 0-1

[Event "Let's Play Chess!"]
[Site "http://www.queenalice.com/game.php?id=706415"]
[Date "2009.12.31"]
[Round "-"]
[White "Kurinka"]
[Black "cybrooksy"]
[Result "1-0"]
[WhiteElo "1500"]
[BlackElo "1821"]

1. e4 e5 2. f4 exf4 3. Nf3 Nf6 4. e5 Ne4 5. d3 Ng5 6. Bxf4 Nxf3+ 7. Qxf3 Bb4+ 8.
c3 Be7 9. d4 O-O 10. Bc4 Re8 11. O-O d6 12. Bxf7+ Kxf7 13. Bg5+ Kg8 14. Qf7+ Kh8
15. Bxe7 Rxe7 16. Qf8+ 1-0

[Event "Challenge"]
[Site "http://www.queenalice.com/game.php?id=706429"]
[Date "2009.12.31"]
[Round "-"]
[White "elche"]
[Black "cybrooksy"]
[Result "0-1"]
[WhiteElo "1747"]
[BlackElo "1821"]

1. e4 e5 2. Nf3 d6 3. d4 Bg4 4. dxe5 dxe5 5. Qxd8+ Kxd8 6. Be2 Nc6 7. c3 b6 8.
O-O Kc8 9. Nbd2 Kb7 10. h3 Be6 11. Nc4 Nf6 12. Nfxe5 Nxe5 13. Nxe5 Bd6 14. Nc4
Bxc4 15. Bxc4 Rhf8 16. Re1 Rae8 17. Bd3 Re6 18. Bg5 Nd7 19. f4 f6 20. f5 Re5 21.
Bf4 Ree8 22. Bxd6 cxd6 23. g4 Nc5 24. Bc2 g6 25. Rad1 gxf5 26. exf5 Kc6 27. b4
Nd7 28. c4 Ne5 29. Kf2 Nxc4 30. Bb3 b5 0-1

[Event "Let's Play Chess!"]
[Site "http://www.queenalice.com/game.php?id=709717"]
[Date "2010.1.7"]
[Round "-"]
[White "cybrooksy"]
[Black "acm_chessmaster"]
[Result "1-0"]
[WhiteElo "1834"]
[BlackElo "1812"]

1. d4 d5 2. Nf3 Nc6 3. e3 Bg4 4. Be2 e6 5. O-O Be7 6. Nbd2 Nf6 7. Bb5 a6 8.
Bxc6+ bxc6 9. b3 Bd6 10. c4 c5 11. h3 Bf5 12. Nh4 Bg6 13. Nxg6 hxg6 14. Re1 Ne4
15. Nxe4 Qe7 16. Nxd6+ Qxd6 17. dxc5 Qxc5 18. Qd4 Qxd4 19. exd4 c6 20. cxd5 cxd5
21. Be3 O-O 22. Rac1 Rac8 23. a4 f5 24. f4 Kf7 25. Rc5 Rxc5 26. dxc5 Rc8 27. b4
Rb8 28. c6 Rxb4 29. c7 Rc4 30. Rc1 Rxc7 31. Rxc7+ Kg8 32. Rc6 Kf7 33. Rxa6 Ke7
34. Rb6 Kf7 35. a5 Kf6 36. a6 d4 37. Bxd4+ Kf7 38. a7 Kg8 39. a8=Q+ Kh7 40. Qe8
g5 41. Rxe6 gxf4 42. Qg6+ Kg8 43. Qxg7# 1-0

[Event "Let's Play Chess!"]
[Site "http://www.queenalice.com/game.php?id=714411"]
[Date "2010.1.16"]
[Round "-"]
[White "basti822"]
[Black "cybrooksy"]
[Result "1-0"]
[WhiteElo "1796"]
[BlackElo "1849"]

1. e4 e5 2. Bc4 Nf6 3. d3 Bc5 4. Nc3 O-O 5. Qf3 d6 6. Bg5 Nbd7 7. Nd5 h6 8. Bxf6
Nxf6 9. Nxf6+ Qxf6 10. Qxf6 gxf6 11. Nf3 f5 12. O-O fxe4 13. dxe4 Kh8 14. a3 Bg4
15. Nh4 a6 16. b4 Bd4 17. Rab1 b5 18. Bd5 Rab8 19. Rb3 Bb6 20. c4 Rfd8 21. Bxf7
bxc4 22. Bxc4 a5 23. bxa5 Bxa5 24. Rg3 h5 25. Ng6+ Kh7 26. Ne7 Bd7 27. Rg5 Kh6
28. h4 Bb5 29. Bxb5 Rxb5 30. Nf5+ Kh7 31. Rxh5+ Kg6 32. Rg5+ Kf7 33. h5 Rg8 34.
Nh6+ 1-0

[Event "Desafio01"]
[Site "http://www.queenalice.com/game.php?id=718720"]
[Date "2010.1.23"]
[Round "-"]
[White "cybrooksy"]
[Black "tranquilli_calmo"]
[Result "0-1"]
[WhiteElo "1831"]
[BlackElo "2006"]

1. d4 Nf6 2. f3 d6 3. e4 g6 4. Bg5 Bg7 5. Nc3 c6 6. Bd3 Nbd7 7. Nge2 a6 8. O-O
O-O 9. b3 h6 10. Bxf6 Nxf6 11. a4 d5 12. e5 Nd7 13. b4 Qb6 14. Rb1 Nxe5 15. a5
Qa7 16. Kh1 Nxd3 17. Qxd3 Bf5 18. Qd2 e5 19. dxe5 Bxe5 20. g4 Be6 21. Qxh6 Bg7
22. Qd2 Kh7 23. h3 Rh8 24. Kg2 Rae8 25. Nf4 Bd7 26. Qf2 Qxf2+ 27. Rxf2 Bxc3 0-1

[Event "Challenge"]
[Site "http://www.queenalice.com/game.php?id=722470"]
[Date "2010.1.29"]
[Round "-"]
[White "ORNELAS"]
[Black "cybrooksy"]
[Result "1-0"]
[WhiteElo "1725"]
[BlackElo "1831"]

1. e4 e5 2. d3 Nf6 3. Bg5 Be7 4. Nf3 Nc6 5. Nbd2 O-O 6. c3 h6 7. Bxh6 gxh6 8. g3
d6 9. Bg2 Nh5 10. b4 Ng7 11. a3 b5 12. O-O f6 13. a4 Ba6 14. a5 Bc8 15. Nh4 Qe8
16. Ndf3 Bg4 17. Qd2 Bxf3 18. Bxf3 Kh7 19. Nf5 Nxf5 20. exf5 Qd7 21. Be4 d5 22.
Bg2 Rad8 23. d4 Qxf5 24. dxe5 fxe5 25. Bxd5 Nb8 26. Rad1 e4 27. Qa2 c6 28. Bb3
Nd7 29. Be6 1-0

[Event "Let's Play Chess!"]
[Site "http://www.queenalice.com/game.php?id=866554"]
[Date "2010.12.3"]
[Round "-"]
[White "Mamonas"]
[Black "cybrooksy"]
[Result "1-0"]
[WhiteElo "1798"]
[BlackElo "1811"]

1. e4 e5 2. f4 exf4 3. Nf3 d6 4. d4 Bg4 5. Bxf4 Nf6 6. h3 Bh5 7. g4 Bg6 8. Nc3
Nxe4 9. Nxe4 Bxe4 10. d5 Be7 11. Be2 O-O 12. Qd4 Bh4+ 13. Kd2 Bxf3 14. Bxf3 Bg5
15. Rae1 Bxf4+ 16. Qxf4 Re8 17. g5 Rxe1 18. Rxe1 c6 19. h4 Qa5+ 20. c3 Qxa2 21.
Re8# 1-0

[Event "Challenge"]
[Site "http://www.queenalice.com/game.php?id=872920"]
[Date "2010.12.17"]
[Round "-"]
[White "cybrooksy"]
[Black "Mamonas"]
[Result "1-0"]
[WhiteElo "1794"]
[BlackElo "1808"]

1. d4 g6 2. e4 Bg7 3. Nf3 b6 4. Bd3 d5 5. e5 f6 6. exf6 Nxf6 7. O-O Ba6 8. Bxa6
Nxa6 9. Nc3 c6 10. Bg5 h6 11. Bxf6 Bxf6 12. Re1 O-O 13. Qd3 Kg7 14. Qxa6 e5 15.
Qb7+ Rf7 16. Qxc6 Rc8 17. Qxd5 Qxd5 18. Nxd5 exd4 19. Nxf6 Rxf6 20. Nxd4 Rcf8
21. Re7+ Kg8 22. Rae1 R6f7 23. Rxf7 Rxf7 24. Re8+ Kh7 25. g3 Rf6 26. Re7+ Kg8
27. Rxa7 b5 28. Nxb5 Rb6 29. c4 Re6 30. Nc3 Kf8 31. b4 g5 32. c5 h5 33. h3 Ke8
34. b5 Kd8 35. c6 Kc8 36. Rd7 Re1+ 37. Kg2 Rc1 38. Na4 Ra1 39. Nb6+ 1-0

[Event "Let's Play Chess!"]
[Site "http://www.queenalice.com/game.php?id=872921"]
[Date "2010.12.17"]
[Round "-"]
[White "cybrooksy"]
[Black "Aguinaldo"]
[Result "0-1"]
[WhiteElo "1836"]
[BlackElo "1732"]

1. d4 e6 2. e4 Nf6 3. Nc3 Bb4 4. Bd2 Bxc3 5. Bxc3 Nxe4 6. Qd3 Nf6 7. O-O-O Nd5
8. Nf3 Nxc3 9. Qxc3 Qf6 10. Qxc7 Nc6 11. Qd6 Qe7 12. Qxe7+ Nxe7 13. Bd3 Nd5 14.
c3 Nf4 15. g3 Nxd3+ 16. Rxd3 d6 17. Re3 O-O 18. Rd1 b5 19. b4 Bb7 20. a3 a5 21.
Kb2 axb4 22. cxb4 h6 23. Rc1 Rfc8 24. h4 Rxc1 25. Kxc1 Rc8+ 26. Kb2 Kf8 27. Nd2
d5 28. Nb3 Ke7 29. Nc5 Rc7 30. Nxb7 Rxb7 31. Rc3 f5 32. f4 Rb6 33. Rc5 Kf6 34.
Kb3 g5 35. hxg5+ hxg5 36. Rc8 gxf4 37. gxf4 Ke7 38. a4 Kd7 39. Rc5 bxa4+ 40.
Kxa4 Ra6+ 41. Ra5 Rb6 42. Rb5 Rc6 43. Rc5 Ra6+ 44. Ra5 Rc6 45. Rc5 Ra6+ 46. Kb5
Ra3 47. Kb6 Rd3 48. Rc7+ Ke8 49. Rc6 Rxd4 50. Rxe6+ Kf7 51. Re5 Rxb4+ 52. Kc5
Rxf4 53. Kxd5 Kf6 54. Re6+ Kg5 55. Ke5 Re4+ 56. Kd5 Rxe6 0-1

[Event "Let's Play Chess!"]
[Site "http://www.queenalice.com/game.php?id=887801"]
[Date "2011.1.19"]
[Round "-"]
[White "cybrooksy"]
[Black "oscarpov"]
[Result "1-0"]
[WhiteElo "1811"]
[BlackElo "2027"]

1. d4 d5 2. Nf3 Nf6 3. e3 Bg4 4. Nbd2 e6 5. Bd3 c5 6. dxc5 Bxc5 7. O-O O-O 8.
Re1 Nc6 9. e4 dxe4 10. Bxe4 Nxe4 11. Rxe4 Bf5 12. Rc4 b6 13. c3 Qd3 14. Rf4 e5
15. Rc4 Rad8 16. b4 Bxf2+ 17. Kxf2 e4 18. Rxc6 exf3 19. Qxf3 g6 20. Qxd3 Rxd3
21. Rc7 a6 22. c4 Re8 23. b5 axb5 24. cxb5 Re5 25. a4 Rd4 26. Nf3 Rf4 27. Bxf4
1-0

[Event "Challenge"]
[Site "http://www.queenalice.com/game.php?id=895844"]
[Date "2011.2.4"]
[Round "-"]
[White "cybrooksy"]
[Black "Esvir"]
[Result "0-1"]
[WhiteElo "1823"]
[BlackElo "1880"]

1. d4 d5 2. e3 Nf6 3. Bd3 c5 4. dxc5 Qa5+ 5. Bd2 Qxc5 6. b4 Qd6 7. a3 e5 8. f3
e4 9. fxe4 dxe4 10. Bb5+ Bd7 11. Bxd7+ Qxd7 12. Ne2 Nc6 13. Nbc3 Bd6 14. O-O Be5
15. Rb1 O-O 16. a4 Rad8 17. Bc1 Bd6 18. b5 Na5 19. b6 a6 20. Nd5 Qxa4 21. Nxf6+
gxf6 22. Qd4 Bxh2+ 0-1

[Event "Let's Play Chess!"]
[Site "http://www.queenalice.com/game.php?id=898078"]
[Date "2011.2.9"]
[Round "-"]
[White "gustavline"]
[Black "cybrooksy"]
[Result "1-0"]
[WhiteElo "1803"]
[BlackElo "1809"]

1. e4 e5 2. Nf3 Nc6 3. Nc3 Bb4 4. Bc4 Bxc3 5. bxc3 Nf6 6. d3 O-O 7. O-O h6 8. d4
d6 9. Ba3 Re8 10. Re1 Bg4 11. Rb1 Rb8 12. Bb5 Bd7 13. d5 Ne7 14. Bd3 Bg4 15. c4
Bxf3 16. Qxf3 Ng6 17. c5 Nf4 18. cxd6 cxd6 19. Rb2 Nxd3 20. Qxd3 a6 21. Reb1 b5
22. c4 Qd7 23. cxb5 axb5 24. Rxb5 Rxb5 25. Rxb5 Rd8 26. f3 Qa7+ 27. Kf1 Rb8 28.
Rxb8+ Qxb8 29. Qb3 Qxb3 30. axb3 Kf8 31. Bxd6+ Ke8 32. Bxe5 1-0

[Event "Let's Play Chess!"]
[Site "http://www.queenalice.com/game.php?id=901579"]
[Date "2011.2.17"]
[Round "-"]
[White "cybrooksy"]
[Black "gustavline"]
[Result "0-1"]
[WhiteElo "1793"]
[BlackElo "1845"]

1. d4 Nf6 2. c4 g6 3. Nf3 Bg7 4. e3 d6 5. Nc3 O-O 6. Bd3 b6 7. O-O c5 8. d5 a6
9. h3 Bd7 10. Re1 Re8 11. e4 Bc8 12. e5 dxe5 13. Nxe5 Nfd7 14. Nxd7 Nxd7 15. Ne4
Nf6 16. Nxf6+ Bxf6 17. Rb1 e6 18. b3 Bd4 19. Bb2 e5 20. Bxd4 cxd4 21. b4 Qg5 22.
g4 f5 23. f3 fxg4 24. fxg4 Rf8 25. Qc1 Qh4 26. Qd2 Qg3+ 27. Qg2 Qxd3 28. d6 Bd7
29. c5 bxc5 30. bxc5 Rf3 31. Rbd1 Qa3 32. Rxe5 Rg3 0-1